Central Library OPAC University of Rajshahi

Income tax law and practice / (Record no. 46148)

MARC details
000 -LEADER
fixed length control field 00718nam a2200241 a 4500
001 - CONTROL NUMBER
control field 46148
003 - CONTROL NUMBER IDENTIFIER
rucl marc code BD-RjUL
005 - DATE AND TIME OF LATEST TRANSACTION
control field 20211209054120.0
008 - FIXED-LENGTH DATA ELEMENTS--GENERAL INFORMATION
fixed length control field 160801s1954 enk 001 0 eng d
035 ## - SYSTEM CONTROL NUMBER
System control number (BD-RjUL)46266
040 ## - CATALOGING SOURCE
Original cataloging agency SOI
Transcribing agency SOI
Language of cataloging eng
Modifying agency BD-RjUL
041 ## - LANGUAGE CODE
Language code of text/sound track or separate title eng
082 ## - DEWEY DECIMAL CLASSIFICATION NUMBER
Edition number 23
Classification number 343.41052
Author mark and year NEI 1994
100 1# - MAIN ENTRY--PERSONAL NAME
Personal name Newport, Cecil A.
9 (RLIN) 141039
245 10 - TITLE STATEMENT
Title Income tax law and practice /
Statement of responsibility, etc. Cecil A. Newport ... and Oliver J. Shaw ...
250 ## - EDITION STATEMENT
Edition statement 26th ed
260 ## - PUBLICATION, DISTRIBUTION, ETC. (IMPRINT)
Place of publication, distribution, etc. London :
Name of publisher, distributor, etc. Sweet & Maxwell,
Date of publication, distribution, etc. 1954
300 ## - PHYSICAL DESCRIPTION
Pagination xxxix, 435 p. ;
Size 22 cm.
500 ## - GENERAL NOTE
General note Includes index
650 #0 - SUBJECT ADDED ENTRY--TOPICAL TERM
Topical term or geographic name as entry element Income tax
General subdivision Law and legislation
Geographic subdivision Great Britain
9 (RLIN) 141040
700 1# - ADDED ENTRY--PERSONAL NAME
Personal name Shaw, Oliver J.
942 ## - ADDED ENTRY ELEMENTS (KOHA)
Source of classification or shelving scheme Dewey Decimal Classification
Koha item type Books
Holdings
Lost status Source of classification or shelving scheme Damaged status Not for loan Collection code Permanent Location Current Location Shelving location Date acquired Source of acquisition Cost, normal purchase price Total Checkouts Full call number Date last seen Copy number Koha item type
  Dewey Decimal Classification     Non-fiction Central Library, University of Rajshahi Central Library, University of Rajshahi   22/05/1957 Ferogeons 20.10   343.41052 NEI 1994 01/08/2016 C-2 Books